| 000 | 01015nam a2200241Ii 4500 | ||
|---|---|---|---|
| 003 | JO-AjNU | ||
| 005 | 20240630082253.0 | ||
| 008 | 230605s9999||||xx |||||||||||||| ||und|| | ||
| 040 |
_aJO-AjNU _bara _erda _cJO-AjNU |
||
| 041 | _aara | ||
| 050 | 1 | 4 | _aK2300.2004 |
| 100 | 1 |
_aاللوزي ، عادل سالم محمد _965837 |
|
| 245 | 2 |
_aالحكم القضائي المنعدم " دراسة مقارنة " / _cإعداد عادل سالم محمد اللوزي ؛إشراف محمد يوسف الزعبي |
|
| 260 | _c2004 | ||
| 300 | _a213ورقة | ||
| 336 |
_atext _btxt _2rdacontent |
||
| 337 |
_aunmediated _bn _2rdamedia |
||
| 338 |
_avolume _bnc _2rdacarrier |
||
| 500 | _aرسالة جامعية (دكتوراة فلسفة في القانون الخاص )--جامعة عمان العربية ، كلية الدراسات القانونية العليا ، 2004 | ||
| 650 | 4 |
_aالاحكام القضائية _946725 |
|
| 700 | 1 |
_aالزعبي، محمد يوسف _965838 _eمشرف |
|
| 942 |
_2lcc _cTHS |
||
| 999 |
_c23916 _d23916 |
||